[Event "Chess24 Banter Blitz Cup"]
[Site "chess24.com INT"]
[Date "2020.02.03"]
[Round "2.6"]
[White "Maghsoodloo, Parham"]
[Black "Meier, Georg"]
[Result "0-1"]
[WhiteTitle "GM"]
[BlackTitle "GM"]
[WhiteElo "2664"]
[BlackElo "2628"]
[WhiteFideId "12539929"]
[BlackFideId "4675789"]
[EventDate "2019.09.25"]
[EventType "blitz"]

1. e4 e6 2. d4 d5 3. e5 c5 4. c3 Ne7 5. Nf3 Nec6 6. Bd3 b6 7. O-O Ba6 8. Bxa6
Nxa6 9. h4 Be7 10. g3 Nc7 11. Kg2 Qc8 12. Bg5 Qa6 13. Nbd2 h6 14. Bxe7 Nxe7 15.
a4 Qd3 16. Re1 O-O 17. a5 Rfc8 18. Nb3 Qxd1 19. Rexd1 c4 20. Nc1 Nc6 21. axb6
axb6 22. Ne2 b5 23. Ne1 b4 24. Nc2 Rcb8 25. h5 Rxa1 26. Rxa1 bxc3 27. bxc3 Rb2
28. Rc1 Na5 29. Nb4 Rxe2 30. Ra1 Nb3 31. Ra5 Nd2 32. Rc5 Ne4 33. Rxc7 Rxf2+ 34.
Kg1 Rf3 35. Nc6 Rxg3+ 36. Kf1 Rxc3 37. Nb8 Ra3 38. Rc8+ Kh7 39. Nd7 g5 40. hxg6+
Kxg6 41. Rg8+ Kf5 42. Rg7 Ng5 43. Nc5 Ra2 44. Ke1 c3 45. Kd1 Kf4 46. Kc1 Ke3 47.
Nb3 Rb2 48. Nc5 Kxd4 49. Na4 Ra2 50. Nb6 Kd3 0-1

[Event "Chess24 Banter Blitz Cup"]
[Site "chess24.com INT"]
[Date "2020.02.03"]
[Round "2.7"]
[White "Meier, Georg"]
[Black "Maghsoodloo, Parham"]
[Result "1/2-1/2"]
[WhiteTitle "GM"]
[BlackTitle "GM"]
[WhiteElo "2628"]
[BlackElo "2664"]
[WhiteFideId "4675789"]
[BlackFideId "12539929"]
[EventDate "2019.09.25"]
[EventType "blitz"]

1. Nf3 d5 2. g3 c6 3. Bg2 Bg4 4. h3 Bh5 5. c4 e6 6. O-O Nd7 7. d3 Ngf6 8. cxd5
exd5 9. Nc3 Be7 10. e4 O-O 11. exd5 cxd5 12. Re1 Nc5 13. g4 Bg6 14. Ne5 d4 15.
Na4 Nfd7 16. Nxd7 Qxd7 17. Nxc5 Bxc5 18. Qb3 Bb6 19. Bd2 h5 20. Bf3 hxg4 21.
hxg4 Rfe8 22. Kg2 Rac8 23. Rxe8+ Rxe8 24. Re1 Rxe1 25. Bxe1 Bc5 26. Qxb7 Qxb7
27. Bxb7 Bxd3 28. Kf3 g6 29. Bd2 f5 30. gxf5 gxf5 31. Kf4 Bd6+ 32. Kg5 Kf7 33.
Bc8 Bc4 34. Kxf5 Bxa2 35. Ke4 Bc5 36. f4 Bb6 37. Ba6 Kf6 38. Bd3 Be6 39. Kf3 a5
40. Be4 1/2-1/2

[Event "Chess24 Banter Blitz Cup"]
[Site "chess24.com INT"]
[Date "2020.02.03"]
[Round "2.8"]
[White "Maghsoodloo, Parham"]
[Black "Meier, Georg"]
[Result "1-0"]
[WhiteTitle "GM"]
[BlackTitle "GM"]
[WhiteElo "2664"]
[BlackElo "2628"]
[WhiteFideId "12539929"]
[BlackFideId "4675789"]
[EventDate "2019.09.25"]
[EventType "blitz"]

1. d4 e6 2. c4 Nf6 3. Nc3 d5 4. Bg5 Be7 5. e3 h6 6. Bh4 O-O 7. Qc2 Nbd7 8. Nf3
c6 9. c5 b6 10. b4 a5 11. b5 Bb7 12. cxb6 Qxb6 13. bxc6 Bxc6 14. Bd3 Rfc8 15.
O-O Bb4 16. Qb2 Bxc3 17. Qxc3 Bb5 18. Qa3 Bxd3 19. Qxd3 Ne4 20. Rab1 Qa6 21.
Qxa6 Rxa6 22. Rb7 Nf8 23. Be7 Ng6 24. h4 Rac6 25. h5 Nxe7 26. Rxe7 R6c7 27. Rxc7
Rxc7 28. Rb1 Nf6 29. Rb8+ Kh7 30. Ra8 Nxh5 31. Rxa5 Nf6 32. Rc5 Ra7 33. Rc2 Ne4
34. Ne5 g5 35. Nc6 Rc7 36. a4 Nd6 37. a5 Nc4 38. Ne5 Kg7 39. Nxc4 dxc4 40. Kf1
Ra7 41. Ra2 Kf6 42. Ke2 e5 43. Kd2 exd4 44. exd4 Ke6 45. Kc3 Kd5 46. a6 f6 47.
g4 Ke4 48. Kxc4 Kf4 49. d5 Kxg4 50. d6 h5 51. Kc5 h4 52. Kb6 Ra8 53. a7 Rd8 54.
Kc7 Ra8 55. d7 h3 56. d8=Q Rxd8 57. Kxd8 1-0

[Event "Chess24 Banter Blitz Cup"]
[Site "chess24.com INT"]
[Date "2020.02.03"]
[Round "2.9"]
[White "Meier, Georg"]
[Black "Maghsoodloo, Parham"]
[Result "1-0"]
[WhiteTitle "GM"]
[BlackTitle "GM"]
[WhiteElo "2628"]
[BlackElo "2664"]
[WhiteFideId "4675789"]
[BlackFideId "12539929"]
[EventDate "2019.09.25"]
[EventType "blitz"]

1. Nf3 g6 2. g3 Bg7 3. d4 Nf6 4. Bg2 O-O 5. O-O d6 6. b3 a5 7. Bb2 a4 8. c4 Re8
9. Nc3 Bd7 10. bxa4 Nc6 11. e3 e5 12. dxe5 dxe5 13. Nd2 Qc8 14. Rc1 Bg4 15. Qc2
Bf5 16. Nde4 Nd7 17. Nd5 Nd8 18. Ba3 Bxe4 19. Bxe4 Bf8 20. Bxf8 Kxf8 21. c5 Kg7
22. Rfd1 Ra5 23. Qd2 Rxc5 24. a5 Ne6 25. Qb4 b6 26. axb6 cxb6 27. Rxc5 Nexc5 28.
Bg2 Re6 29. h4 h5 30. a4 Rd6 31. e4 Qa6 32. Ra1 Qa5 33. Qb5 Ne6 34. Qxa5 bxa5
35. Rb1 Nd4 36. Bf1 Nc5 37. Nc3 Nf3+ 38. Kg2 Nd2 39. Rd1 Ndxe4 40. Rxd6 Nxd6 41.
Kf3 Kf6 42. Ke3 Ke6 43. Bg2 f5 44. Bd5+ Kd7 45. Bg8 Ke7 46. Ke2 Nde4 47. Nb5
Nxa4 48. Na7 Kd6 49. Bf7 Kc5 50. Bxg6 Nd6 51. Bxh5 Kb6 52. Bf3 e4 53. h5 Nc3+
54. Ke3 exf3 55. Kxf3 Nd5 56. g4 fxg4+ 57. Kxg4 Kxa7 58. Kg5 a4 59. Kg6 a3 60.
h6 a2 61. h7 Ne7+ 62. Kg5 Nf7+ 63. Kg4 Nh8 64. Kg3 a1=Q 65. Kf3 1-0

[Event "Chess24 Banter Blitz Cup"]
[Site "chess24.com INT"]
[Date "2020.02.03"]
[Round "2.10"]
[White "Meier, Georg"]
[Black "Maghsoodloo, Parham"]
[Result "1-0"]
[WhiteTitle "GM"]
[BlackTitle "GM"]
[WhiteElo "2628"]
[BlackElo "2664"]
[WhiteFideId "4675789"]
[BlackFideId "12539929"]
[EventDate "2019.09.25"]
[EventType "blitz"]

1. Nf3 d5 2. g3 c6 3. Bg2 Bg4 4. h3 Bh5 5. c4 e6 6. O-O Nd7 7. d3 dxc4 8. dxc4
Ngf6 9. Nc3 Bc5 10. Bf4 Bxf3 11. Bxf3 e5 12. Bd2 O-O 13. Qc2 Qe7 14. Rfd1 Qe6
15. Bg2 Qxc4 16. Rac1 Qe6 17. e3 Rfd8 18. a3 a6 19. b4 Be7 20. Na4 e4 21. Bc3 b5
22. Bxf6 Nxf6 23. Nc3 Rxd1+ 24. Rxd1 a5 25. Nxe4 axb4 26. Nxf6+ Qxf6 27. axb4
Bxb4 28. Qxc6 Qxc6 29. Bxc6 Rb8 30. Rd5 Bc3 31. Bxb5 Kf8 32. Bc4 Bf6 33. Rd7 Be7
34. Kg2 h5 35. h4 g6 36. Ra7 Rc8 37. Bd5 Rd8 38. e4 Rc8 39. Ra2 Rc3 40. f4 Bc5
41. Rb2 Bd4 42. Rd2 Be3 43. Re2 Bc5 44. e5 Rd3 45. Bc6 Rc3 46. Ra2 Bf2 47. Bf3
Be1 48. Re2 Rc1 49. Bd5 Kg7 50. e6 fxe6 51. Rxe6 Bc3 52. Re7+ Kh6 53. Bg8 Bg7
54. Re6 Rc7 55. f5 1-0

[Event "Chess24 Banter Blitz Cup"]
[Site "chess24.com INT"]
[Date "2020.02.03"]
[Round "2.11"]
[White "Maghsoodloo, Parham"]
[Black "Meier, Georg"]
[Result "1-0"]
[WhiteTitle "GM"]
[BlackTitle "GM"]
[WhiteElo "2664"]
[BlackElo "2628"]
[WhiteFideId "12539929"]
[BlackFideId "4675789"]
[EventDate "2019.09.25"]
[EventType "blitz"]

1. d4 e6 2. c4 Nf6 3. Nf3 Bb4+ 4. Bd2 Bxd2+ 5. Nbxd2 d6 6. g3 b6 7. Bg2 Bb7 8.
Qc2 c5 9. e4 O-O 10. O-O Nbd7 11. Rfe1 h6 12. a4 Qc7 13. d5 Rae8 14. h4 Re7 15.
Nf1 Ng4 16. Qc3 Rfe8 17. Bh3 Ndf6 18. dxe6 Rxe6 19. N3d2 d5 20. cxd5 Nxd5 21.
Qb3 Ndf6 22. f3 Ne5 23. Bxe6 Rxe6 24. Nc4 Ba6 25. Nxe5 Qxe5 26. f4 Qd4+ 27. Qe3
Qb4 28. e5 Nd5 29. Qd2 Rg6 30. Qxb4 Nxb4 31. Rad1 Bxf1 32. Kxf1 Rxg3 33. Kf2 Rb3
34. Re3 Rxb2+ 35. Kf3 g6 36. e6 fxe6 37. Rxe6 Kf7 38. Red6 c4 39. Rd7+ Ke6 40.
R1d6+ Kf5 41. Rf7# 1-0

[Event "Chess24 Banter Blitz Cup"]
[Site "chess24.com INT"]
[Date "2020.02.03"]
[Round "2.12"]
[White "Meier, Georg"]
[Black "Maghsoodloo, Parham"]
[Result "1-0"]
[WhiteTitle "GM"]
[BlackTitle "GM"]
[WhiteElo "2628"]
[BlackElo "2664"]
[WhiteFideId "4675789"]
[BlackFideId "12539929"]
[EventDate "2019.09.25"]
[EventType "blitz"]

1. Nf3 d5 2. g3 g6 3. Bg2 Bg7 4. d4 Nf6 5. O-O O-O 6. c4 c6 7. cxd5 cxd5 8. Nc3
Nc6 9. Ne5 e6 10. Bf4 Bd7 11. Rc1 Rc8 12. Qd2 Qa5 13. Rfd1 Qa6 14. Bh6 Rfd8 15.
Bxg7 Kxg7 16. Qf4 Be8 17. a3 Na5 18. h4 Qd6 19. e3 b5 20. Nd3 Nb3 21. Rc2 Qxf4
22. gxf4 a5 23. Nc1 Nxc1 24. Rdxc1 b4 25. axb4 axb4 26. Ne2 Rxc2 27. Rxc2 Bb5
28. Nc1 Ra8 29. Bf1 Bxf1 30. Kxf1 Ra1 31. Kg2 Ne4 32. Nd3 b3 33. Rc7 Rd1 34. Nc5
Rd2 35. Nxe6+ Kf6 36. Ng5 Nxg5 37. hxg5+ Ke6 38. Rc6+ Kd7 39. Rf6 Ke7 40. Rb6
Rxb2 41. Kf3 Rb1 42. f5 b2 43. Kf4 Kd7 44. fxg6 hxg6 45. Ke5 Kc7 46. Rb3 Kc6 47.
Kf6 Kc7 48. Kxf7 Rg1 49. Rxb2 Rxg5 50. Ke6 Rf5 51. Rc2+ Kb6 52. Kd6 g5 53. Rb2+
Ka5 54. Kc5 Ka4 55. Rb8 g4 56. Rg8 Rxf2 57. Kxd5 Kb3 58. Rxg4 Rf6 59. e4 Rf8 1-0

[Event "Chess24 Banter Blitz Cup"]
[Site "chess24.com INT"]
[Date "2020.02.03"]
[Round "2.13"]
[White "Maghsoodloo, Parham"]
[Black "Meier, Georg"]
[Result "0-1"]
[WhiteTitle "GM"]
[BlackTitle "GM"]
[WhiteElo "2664"]
[BlackElo "2628"]
[WhiteFideId "12539929"]
[BlackFideId "4675789"]
[EventDate "2019.09.25"]
[EventType "blitz"]

1. d4 e6 2. c4 Nf6 3. Nf3 Bb4+ 4. Nbd2 b6 5. g3 Bb7 6. Bg2 c5 7. a3 Bxd2+ 8.
Qxd2 cxd4 9. O-O Nc6 10. Nxd4 Nxd4 11. Qxd4 Bxg2 12. Kxg2 d5 13. cxd5 Qxd5+ 14.
Qxd5 Nxd5 15. e4 Nf6 16. Kf3 Ke7 17. Bf4 Rhc8 18. Rac1 Nd7 19. Rfd1 e5 20. Be3
Nf8 21. Ke2 Ne6 22. f4 f6 23. f5 Nd8 24. g4 Nf7 25. Bd2 Rxc1 26. Rxc1 Kd7 27. a4
Rh8 28. h4 h6 29. Kf3 Rb8 30. Bb4 a5 31. Ba3 b5 32. axb5 Rxb5 33. Rc3 Nd6 34.
Rd3 Rb6 35. g5 h5 36. g6 Kc7 37. b3 Rc6 38. Ke3 Kd7 39. Rd5 Kc7 40. Kd3 Rb6 41.
Bc5 Ra6 42. Ba3 Ne8 43. Bf8 a4 44. bxa4 Rxa4 45. Rc5+ Kd7 46. Rb5 Kc7 47. Rb1
Rd4+ 48. Ke3 Ra4 49. Rc1+ Kd7 50. Rd1+ Kc7 51. Kf3 Rc4 52. Ra1 Rc3+ 53. Ke2 Kd7
54. Ra7+ Rc7 55. Ra8 Rc3 56. Ra7+ Rc7 57. Ra1 Rc6 58. Kd3 Rc7 59. Ra6 Rb7 60.
Re6 Rc7 61. Re7+ Kd8 62. Rf7 Rd7+ 63. Kc4 Rc7+ 64. Kd5 Rc2 65. Bxg7 Rd2+ 66. Kc5
Rc2+ 67. Kb6 Kc8 68. Ka5 Nd6 69. Kb4 Kb8 70. Kb3 Rb2+ 71. Kxb2 Nc4+ 0-1

[Event "Chess24 Banter Blitz Cup"]
[Site "chess24.com INT"]
[Date "2020.02.03"]
[Round "2.14"]
[White "Maghsoodloo, Parham"]
[Black "Meier, Georg"]
[Result "1-0"]
[WhiteTitle "GM"]
[BlackTitle "GM"]
[WhiteElo "2664"]
[BlackElo "2628"]
[WhiteFideId "12539929"]
[BlackFideId "4675789"]
[EventDate "2019.09.25"]
[EventType "blitz"]

1. d4 e6 2. c4 Nf6 3. Nc3 Bb4 4. Bd2 b6 5. e3 Bb7 6. Nf3 Bxc3 7. Bxc3 Ne4 8. Bb4
c5 9. Ba3 O-O 10. Be2 d6 11. O-O Nd7 12. Rc1 f5 13. b4 Qe7 14. Qd3 e5 15. bxc5
bxc5 16. dxe5 dxe5 17. Rfd1 Nb6 18. Qc2 Rae8 19. Bb2 Qf6 20. a4 Bc6 21. Ra1 Ng5
22. a5 Nxf3+ 23. Bxf3 Bxf3 24. gxf3 Nc8 25. Kf1 Rf7 26. Rd5 f4 27. e4 Qg5 28.
Ke2 Qh5 29. Qa4 Rfe7 30. Rad1 h6 31. Ba3 Kh7 32. Bxc5 Re6 33. Rd7 Qxh2 34. Rc7
Rg8 35. Qd7 Rg6 36. Qf5 Qg2 37. Rxc8 1-0

[Event "Chess24 Banter Blitz Cup"]
[Site "chess24.com INT"]
[Date "2020.02.03"]
[Round "2.15"]
[White "Meier, Georg"]
[Black "Maghsoodloo, Parham"]
[Result "1-0"]
[WhiteTitle "GM"]
[BlackTitle "GM"]
[WhiteElo "2628"]
[BlackElo "2664"]
[WhiteFideId "4675789"]
[BlackFideId "12539929"]
[EventDate "2019.09.25"]
[EventType "blitz"]

1. Nf3 b6 2. g3 Bb7 3. Bg2 g6 4. c4 Bg7 5. Nc3 e6 6. O-O Ne7 7. d4 O-O 8. Bf4 d6
9. Qd2 Nd7 10. Bh6 a6 11. Bxg7 Kxg7 12. e4 e5 13. Rfe1 Ng8 14. Rad1 Ngf6 15. b3
Re8 16. Nd5 exd4 17. Nxd4 c5 18. Nc2 Bxd5 19. cxd5 b5 20. f4 Qb6 21. Bf3 c4+ 22.
Qd4 Rac8 23. Qxb6 Nxb6 24. Nd4 c3 25. Nc6 a5 26. Nxa5 Ra8 27. b4 Nfd7 28. a3
Rac8 29. Kf2 h5 30. Rc1 Na4 31. Re3 Nf6 32. Nc6 Ng4+ 33. Bxg4 hxg4 34. e5 dxe5
35. fxe5 Nb6 36. Rd3 c2 37. Rxc2 Rxe5 38. Rc5 Rf5+ 39. Kg2 Re8 40. Rc2 Nxd5 41.
Nd4 Rfe5 42. Kf2 Nf6 43. Re2 Ne4+ 44. Kg2 Rd5 45. Ree3 f5 46. Ne6+ Rxe6 47. Rxd5
Rc6 48. Re2 Kf6 49. Rxb5 Nc3 50. Rbe5 Nxe2 51. Rxe2 Rc3 52. Ra2 Rb3 53. Kf2 Ke5
54. Ke2 g5 55. Kd2 f4 56. Ke2 f3+ 57. Kf2 Kd4 58. a4 Rxb4 59. a5 Rb8 60. a6 Ra8
61. h3 gxh3 62. Kxf3 h2 63. Rxh2 Rxa6 64. Kg4 Ra5 65. Re2 Kd3 66. Re8 Rb5 67.
Re7 Rd5 68. Re6 Kd4 69. Rf6 Kd3 70. Rf5 Rd4+ 71. Kxg5 Ke3 72. g4 Rd3 73. Rf6 Ke4
74. Re6+ 1-0

[Event "Chess24 Banter Blitz Cup"]
[Site "chess24.com INT"]
[Date "2020.02.05"]
[Round "2.1"]
[White "Bluebaum, Matthias"]
[Black "Gascon Del Nogal, Jose Rafael"]
[Result "1-0"]
[WhiteTitle "GM"]
[BlackTitle "GM"]
[WhiteElo "2643"]
[BlackElo "2481"]
[WhiteFideId "24651516"]
[BlackFideId "3902463"]
[EventDate "2019.09.25"]
[EventType "blitz"]

1. d4 Nf6 2. c4 c5 3. d5 g6 4. Nc3 Bg7 5. e4 d6 6. h3 O-O 7. Nf3 e6 8. Bd3 Na6
9. O-O Nc7 10. a4 e5 11. Ne1 a5 12. Be2 b6 13. Nd3 Nd7 14. Qc2 Qe7 15. Be3 f5
16. exf5 gxf5 17. f4 e4 18. Nf2 Nf6 19. Rae1 Qf7 20. Kh2 h5 21. g3 Bd7 22. b3
Rae8 23. Qd2 Qg6 24. Rg1 Kf7 25. Rg2 Rh8 26. Rh1 Rh6 27. Kg1 Reh8 28. Kf1 Nfe8
29. Ke1 Qf6 30. Nfd1 Na6 31. Rhg1 Nb4 32. Kf1 Qe7 33. g4 hxg4 34. hxg4 Rh2 35.
g5 Rxg2 36. Rxg2 Rh1+ 37. Rg1 Rh2 38. Qe1 Qf8 39. Qg3 Qh8 40. Bd2 Rh3 41. Qg2
Bd4 42. Nf2 Bxf2 43. Qxf2 Rh2 44. g6+ Kg8 45. Qg3 Rxe2 46. Kxe2 Nd3 47. Rg2 Qh5+
48. Kf1 Qh1+ 49. Rg1 Qh5 50. g7 Nf6 51. Qg2 Ng4 52. Rh1 Nh2+ 53. Rxh2 1-0

[Event "Chess24 Banter Blitz Cup"]
[Site "chess24.com INT"]
[Date "2020.02.05"]
[Round "2.2"]
[White "Gascon Del Nogal, Jose Rafael"]
[Black "Bluebaum, Matthias"]
[Result "0-1"]
[WhiteTitle "GM"]
[BlackTitle "GM"]
[WhiteElo "2481"]
[BlackElo "2643"]
[WhiteFideId "3902463"]
[BlackFideId "24651516"]
[EventDate "2019.09.25"]
[EventType "blitz"]

1. d4 Nf6 2. Nc3 d5 3. Bf4 c5 4. e3 cxd4 5. exd4 a6 6. Bd3 Nc6 7. Nge2 Bg4 8. f3
Bh5 9. g4 Bg6 10. h4 Nb4 11. h5 Bxd3 12. cxd3 h6 13. Rc1 e6 14. a3 Nc6 15. Na4
Rc8 16. b4 Bd6 17. Qd2 Qc7 18. O-O Bxf4 19. Nxf4 Nd7 20. Kg2 Qd8 21. Ne2 O-O 22.
Nc5 Nxc5 23. dxc5 e5 24. Ng3 Nd4 25. Qe3 Qg5 26. Qxg5 hxg5 27. Rfe1 f6 28. Nf5
Nxf5 29. gxf5 Kf7 30. Kg3 Rfd8 31. Kg4 d4 32. Rc4 Ke7 33. a4 Kd7 34. Rb1 Kc6 35.
b5+ axb5 36. Rxb5 Rc7 37. Rb6+ Kd5 38. Rb5 Ra8 39. c6+ Kd6 40. cxb7 Rb8 41. Rxc7
Kxc7 42. h6 gxh6 43. Rc5+ Kxb7 44. Rd5 Kc6 45. Ra5 Rb3 46. Ra7 Rxd3 47. Ra6+ Kd5
48. Rxf6 Ra3 49. Re6 Rxa4 50. Re8 d3+ 51. Kg3 Rf4 52. Rd8+ Kc4 53. Rc8+ Kd4 54.
Rd8+ Ke3 55. Re8 Rxf3+ 56. Kg4 Rf4+ 57. Kh5 Rxf5 58. Kg6 Rf4 0-1

[Event "Chess24 Banter Blitz Cup"]
[Site "chess24.com INT"]
[Date "2020.02.05"]
[Round "2.3"]
[White "Bluebaum, Matthias"]
[Black "Gascon Del Nogal, Jose Rafael"]
[Result "1-0"]
[WhiteTitle "GM"]
[BlackTitle "GM"]
[WhiteElo "2643"]
[BlackElo "2481"]
[WhiteFideId "24651516"]
[BlackFideId "3902463"]
[EventDate "2019.09.25"]
[EventType "blitz"]

1. d4 Nf6 2. c4 c5 3. d5 g6 4. Nc3 Bg7 5. e4 d6 6. h3 O-O 7. Nf3 e6 8. Bd3 Na6
9. O-O Nc7 10. a4 e5 11. Ne1 a5 12. Be2 Nd7 13. Nd3 b6 14. Be3 Qe7 15. Qd2 f5
16. exf5 gxf5 17. f4 e4 18. Nf2 Nf6 19. Kh2 h5 20. g3 Kf7 21. Rg1 Rh8 22. Rg2
Bd7 23. Rh1 Na6 24. Kg1 Nb4 25. b3 Rae8 26. Kf1 Nd3 27. Ncd1 Nb4 28. Rhg1 Rh7
29. g4 hxg4 30. hxg4 fxg4 31. Nxg4 Nxg4 32. Bxg4 Reh8 33. Qe2 Bf6 34. Nf2 Rh2
35. Bxd7 Qxd7 36. Nxe4 Qh3 37. Nxd6+ Kf8 38. Bxc5 Qd3 39. Qxd3 Nxd3 40. Ba3 Be7
41. f5 Rxg2 42. Rxg2 Rh1+ 43. Rg1 Rh2 44. Rg2 Rh1+ 45. Rg1 Rh2 46. Rg6 Rf2+ 47.
Kg1 Ra2 48. f6 Bd8 49. f7 Be7 50. Rg8# 1-0

[Event "Chess24 Banter Blitz Cup"]
[Site "chess24.com INT"]
[Date "2020.02.05"]
[Round "2.4"]
[White "Gascon Del Nogal, Jose Rafael"]
[Black "Bluebaum, Matthias"]
[Result "0-1"]
[WhiteTitle "GM"]
[BlackTitle "GM"]
[WhiteElo "2481"]
[BlackElo "2643"]
[WhiteFideId "3902463"]
[BlackFideId "24651516"]
[EventDate "2019.09.25"]
[EventType "blitz"]

1. d3 d5 2. Nf3 Nf6 3. g3 Bg4 4. Bg2 e6 5. O-O Be7 6. c4 c6 7. b3 O-O 8. Bb2
Nbd7 9. Nbd2 a5 10. a3 Bd6 11. h3 Bh5 12. Re1 Qe7 13. Qc2 Rfc8 14. e4 dxe4 15.
dxe4 e5 16. Nh4 Bc5 17. Nf5 Qe6 18. Nf1 Rd8 19. N1e3 Nf8 20. Qc3 Bd4 21. Qc2
Bxb2 22. Qxb2 Rd7 23. Qc3 b6 24. c5 b5 25. Nd6 Ne8 26. Nef5 f6 27. Nxe8 Bxe8 28.
Nd6 Bf7 29. b4 Rda7 30. h4 Qb3 31. Rac1 Qxc3 32. Rxc3 axb4 33. axb4 Ra4 34. Rb1
Ba2 35. Rb2 Be6 36. f4 Ra3 37. Rxa3 Rxa3 38. f5 Bb3 39. Kh2 Ba4 40. Bf1 Nd7 41.
Rd2 Bb3 42. Nc8 Ra2 43. Rxa2 Bxa2 44. Ne7+ Kf8 45. Nxc6 Bc4 46. Bxc4 bxc4 47.
Na5 c3 48. Nb3 Ke7 49. Kg2 Nb8 50. Kf2 c2 51. Ke2 Na6 52. Kd2 Nxb4 53. Na1 Kd7
54. Nxc2 Nxc2 55. Kxc2 Kc6 56. Kc3 Kxc5 57. Kd3 Kb4 58. g4 h6 59. g5 h5 60. g6
Kb3 61. Ke3 Kc3 62. Kf3 Kd3 63. Kg3 Kxe4 64. Kh3 Kxf5 0-1

[Event "Chess24 Banter Blitz Cup"]
[Site "chess24.com INT"]
[Date "2020.02.05"]
[Round "2.5"]
[White "Bluebaum, Matthias"]
[Black "Gascon Del Nogal, Jose Rafael"]
[Result "1-0"]
[WhiteTitle "GM"]
[BlackTitle "GM"]
[WhiteElo "2643"]
[BlackElo "2481"]
[WhiteFideId "24651516"]
[BlackFideId "3902463"]
[EventDate "2019.09.25"]
[EventType "blitz"]

1. d4 Nf6 2. c4 c5 3. Nf3 cxd4 4. Nxd4 g6 5. Nc3 d5 6. cxd5 Nxd5 7. Ndb5 Nxc3 8.
Qxd8+ Kxd8 9. Nxc3 Bg7 10. Bd2 Nc6 11. g3 Be6 12. Bg2 Ke8 13. Bxc6+ bxc6 14. Na4
Rb8 15. O-O Bc4 16. Rfe1 Bb5 17. Bc3 Bxa4 18. Bxg7 Rg8 19. Bc3 f6 20. f3 Kf7 21.
b3 Bb5 22. Kf2 Rgd8 23. Red1 Ke8 24. Ba5 Rd7 25. Rxd7 Kxd7 26. Rd1+ Ke6 27. e4
Ba6 28. Ke3 Rb5 29. Bc3 Rb7 30. f4 f5 31. Rd8 Rd7 32. Rxd7 Kxd7 33. Bd4 Bf1 34.
Bxa7 Bg2 35. e5 Be4 36. Kd4 Bb1 37. a4 Be4 38. b4 Kc7 39. Kc5 e6 40. Bb6+ Kb7
41. a5 Bd5 42. Kd6 h6 43. h4 h5 44. Ke7 Bc4 45. Kf6 Bd5 46. Kxg6 Bf3 47. Kg5 Bg4
48. Kf6 1-0

[Event "Chess24 Banter Blitz Cup"]
[Site "chess24.com INT"]
[Date "2020.02.05"]
[Round "2.6"]
[White "Gascon Del Nogal, Jose Rafael"]
[Black "Bluebaum, Matthias"]
[Result "0-1"]
[WhiteTitle "GM"]
[BlackTitle "GM"]
[WhiteElo "2481"]
[BlackElo "2643"]
[WhiteFideId "3902463"]
[BlackFideId "24651516"]
[EventDate "2019.09.25"]
[EventType "blitz"]

1. d4 Nf6 2. Nc3 d5 3. Bf4 c5 4. e3 cxd4 5. exd4 a6 6. Bd3 Nc6 7. Nge2 Bg4 8. f3
Bh5 9. g4 Bg6 10. h4 Nb4 11. Bxg6 hxg6 12. Qd2 e6 13. O-O-O Be7 14. Ng3 Nd7 15.
g5 Nb6 16. a3 Nc4 17. Qe2 Nc6 18. h5 Bxg5 19. hxg6 Bxf4+ 20. Kb1 Bh6 21. Nh5 Qd7
22. Na4 Qe7 23. Nc5 O-O-O 24. gxf7 Qxf7 25. b3 Nxa3+ 0-1

[Event "Chess24 Banter Blitz Cup"]
[Site "chess24.com INT"]
[Date "2020.02.05"]
[Round "2.7"]
[White "Bluebaum, Matthias"]
[Black "Gascon Del Nogal, Jose Rafael"]
[Result "1-0"]
[WhiteTitle "GM"]
[BlackTitle "GM"]
[WhiteElo "2643"]
[BlackElo "2481"]
[WhiteFideId "24651516"]
[BlackFideId "3902463"]
[EventDate "2019.09.25"]
[EventType "blitz"]

1. d4 Nf6 2. c4 c5 3. d5 g6 4. Nc3 Bg7 5. e4 d6 6. h3 O-O 7. Nf3 e6 8. Bd3 Nbd7
9. Be3 a6 10. a4 e5 11. g4 a5 12. Nd2 Ne8 13. h4 Ndf6 14. f3 h5 15. Be2 Nc7 16.
Nf1 Qd7 17. Rg1 Na6 18. Qd2 Nb4 19. b3 hxg4 20. fxg4 Qe7 21. O-O-O b5 22. cxb5
Nd7 23. h5 Nb6 24. Rh1 f5 25. gxf5 gxf5 26. exf5 Bxf5 27. h6 Bf6 28. Ng3 Bh7 29.
Nge4 c4 30. Bxb6 cxb3 31. Kb2 Rac8 32. Kxb3 Rxc3+ 33. Nxc3 e4 34. Bd4 e3 35.
Qxe3 Bc2+ 36. Kb2 Qxe3 37. Bxe3 Bxd1 38. Rxd1 Re8 39. Bd4 1-0

[Event "Chess24 Banter Blitz Cup"]
[Site "chess24.com INT"]
[Date "2020.02.05"]
[Round "2.8"]
[White "Gascon Del Nogal, Jose Rafael"]
[Black "Bluebaum, Matthias"]
[Result "0-1"]
[WhiteTitle "GM"]
[BlackTitle "GM"]
[WhiteElo "2481"]
[BlackElo "2643"]
[WhiteFideId "3902463"]
[BlackFideId "24651516"]
[EventDate "2019.09.25"]
[EventType "blitz"]

1. e4 e6 2. d4 d5 3. Nc3 Nf6 4. e5 Nfd7 5. f4 c5 6. Nf3 Be7 7. Be3 O-O 8. Qd2 a6
9. Nd1 Nc6 10. c3 b5 11. f5 exf5 12. Bf4 b4 13. Kf2 bxc3 14. bxc3 cxd4 15. cxd4
f6 16. h4 fxe5 17. dxe5 Nc5 18. Kg1 Ne4 19. Qc2 Bd7 20. Ne3 Rc8 21. Qb3 Be6 22.
Rd1 Bc5 23. Kh2 Nf2 24. Rxd5 Bxd5 25. Nxd5 Ng4+ 26. Kg3 Kh8 27. Bxa6 Rb8 28. Qc4
Bf2+ 29. Kh3 Ncxe5 30. Bxe5 Nxe5 31. Nxe5 f4 32. Nf3 Qd7+ 33. Kh2 Bg3+ 0-1

[Event "Chess24 Banter Blitz Cup"]
[Site "chess24.com INT"]
[Date "2020.02.05"]
[Round "2.9"]
[White "Bluebaum, Matthias"]
[Black "Gascon Del Nogal, Jose Rafael"]
[Result "0-1"]
[WhiteTitle "GM"]
[BlackTitle "GM"]
[WhiteElo "2643"]
[BlackElo "2481"]
[WhiteFideId "24651516"]
[BlackFideId "3902463"]
[EventDate "2019.09.25"]
[EventType "blitz"]

1. d4 Nf6 2. c4 c5 3. d5 g6 4. Nc3 Bg7 5. e4 d6 6. Be2 O-O 7. h4 h5 8. Bg5 a6 9.
a4 e6 10. Nf3 Qb6 11. Qd2 exd5 12. exd5 Re8 13. O-O Bf5 14. Rfe1 Nbd7 15. a5 Qc7
16. Bf4 Ne4 17. Nxe4 Bxe4 18. Ng5 Bf5 19. Rad1 Ne5 20. b4 b6 21. bxc5 Qxc5 22.
axb6 Qxb6 23. Nf3 Rab8 24. Nxe5 Bxe5 25. Bxe5 Rxe5 26. c5 dxc5 27. d6 Rd8 28.
Bc4 Rxe1+ 29. Rxe1 Rxd6 30. Qh6 Qd8 31. g3 Rd1 32. Rxd1 Qxd1+ 33. Kh2 Qd4 34.
Bxf7+ Kxf7 35. Qh7+ Qg7 0-1

[Event "Chess24 Banter Blitz Cup"]
[Site "chess24.com INT"]
[Date "2020.02.05"]
[Round "2.10"]
[White "Gascon Del Nogal, Jose Rafael"]
[Black "Bluebaum, Matthias"]
[Result "0-1"]
[WhiteTitle "GM"]
[BlackTitle "GM"]
[WhiteElo "2481"]
[BlackElo "2643"]
[WhiteFideId "3902463"]
[BlackFideId "24651516"]
[EventDate "2019.09.25"]
[EventType "blitz"]

1. d4 Nf6 2. c4 e6 3. Nf3 d5 4. Nc3 Bb4 5. cxd5 exd5 6. Qa4+ Nc6 7. Bg5 h6 8.
Bxf6 Qxf6 9. e3 O-O 10. Be2 Be6 11. O-O a6 12. Qc2 Bd6 13. a3 Ne7 14. Na4 Rae8
15. Nc5 Bc8 16. Nd3 Bf5 17. Qb3 b6 18. Nde5 g5 19. h3 h5 20. Nd2 Bxe5 21. dxe5
Qxe5 22. Bxh5 Bg6 23. Nf3 Qf6 24. Bxg6 Qxg6 25. Rac1 c5 26. Ne5 Qe6 27. f4 gxf4
28. exf4 Nf5 29. Qf3 f6 30. Qg4+ Ng7 31. Nd7 Qxg4 32. hxg4 Rf7 33. Nxb6 Rb8 34.
Nxd5 Rxb2 35. Rxc5 Ne6 36. Rc8+ Kg7 37. Re1 Nd4 38. Ree8 Rd7 39. Rg8+ Kf7 40.
Rgf8+ Ke6 41. Nc7+ Kd6 42. Ne8+ Ke7 43. Nxf6 Nf3+ 0-1